| 000 | 00000nam 2200000za 4500 |
| 001 | 9.676748 |
| 003 | CaOODSP |
| 005 | 20210624230030 |
| 007 | cr ||||||||||| |
| 008 | 150407s1990||||xxc|||||o f|0| 0 fre d |
| 020 | |a978-0-660-67487-2 |
| 040 | |aCaOODSP|bfre |
| 041 | |aeng |
| 041 | |afre |
| 043 | |an-cn--- |
| 086 | 1 |aSA2-212/1990-PDF |
| 110 | 2 |aArchives nationales du Canada. |
| 245 | 10|aNorris - La Palme |h[ressource électronique] |
| 260 | |aOttawa - Ontario : |bArchives nationales du Canada |cc1990. |
| 300 | |a277p.|bgraphiques |
| 500 | |aNumérisé par Programme de services des éditions et de dépôt. |
| 500 | |a«Numérisé par Éditions et Services de dépôt, Travaux publics et Services gouvernementaux Canada - 2014» |
| 520 | 3 |aRobert La Palme, artiste, éducateur et caricaturiste pour des journaux tels que Le Canada (1943--1950), Le Devoir (1950--1959), La Presse (1959--1961) et le Financial Times (1964), a toujours accordé une grande importance à l'humour dans la vie quotidienne. Son style se distingue surtout par sa façon de traiter le portrait, la physionomie du visage, le faciès et les traits particuliers des personnages caricaturés. Len Norris est connu surtout à titre de caricaturiste du Vancouver Sun, où il a travaillé de 1950 à 1989. Son regard sur le monde, à travers les yeux de l'homme de la rue, incarne cette vision du Canadien moyen, aux bonnes manières et aux idées conservatrices. Ce point de vue permet à Norris de souligner l'absurdité de situations politiques particulières. |
| 546 | |aBilingue |
| 590 | |a14-18-Supp|b2014-10-15 |
| 691 | 07|aArts visuels|2gcpds |
| 776 | 0#|tNorris--La Palme |w(CaOODSP)9.652919 |
| 791 | |tNorris - La Palme |eeng|w(CaOODSP)9.676747 |
| 856 | 40|qPDF|s36.88 Mo|uhttps://publications.gc.ca/collections/collection_2014/bac-lac/SA2-212-1990.pdf|zNé numérique |
| 856 | 40|qPDF|s37.13 Mo|uhttps://publications.gc.ca/collections/collection_2020/bac-lac/SA2-212-1990.pdf|zÉdition numérisée de l'imprimé |